| 000 | 01371aam a2200421 i 4500 | ||
|---|---|---|---|
| 001 | 121436 | ||
| 003 | UkOxU | ||
| 005 | 20230404113946.0 | ||
| 008 | 230404s2016 enk 000 0 eng c | ||
| 016 | 7 |
_a018398539 _2Uk |
|
| 020 |
_a9780414054813 _qpaperback |
||
| 035 | _a(WlAbNL)99762137902419 | ||
| 035 | _a(UK-WkNB)9780414054813 | ||
| 035 | _a(StEdALDL)1/3522714 | ||
| 035 | _a(UkOxU)020944131 | ||
| 035 | _a(Uk)018398539 | ||
| 040 | _aUk | ||
| 041 | _aeng | ||
| 042 | _aukscp | ||
| 082 | 0 | 4 | _a343.41078624 |
| 245 | 0 | 0 |
_aJCT: Intemediate named sub-contract conditions 2016 _bICSub/NAM/C 2016 |
| 246 | 3 | 0 | _aIntermediate named sub-contract conditions 2016 |
| 264 | 1 |
_aLondon : _bThomson Reuters (Professional) UK Limited, trading as Sweet & Maxwell, _c2016. |
|
| 300 |
_aii, 56 pages ; _c30 cm. |
||
| 336 |
_atext _btxt _2rdacontent |
||
| 337 |
_aunmediated _bn _2rdamedia |
||
| 338 |
_avolume _bnc _2rdacarrier |
||
| 490 | 1 | _aJCT Contracts 2016 | |
| 500 | _aAt head of title: JCT. | ||
| 610 | 2 | 0 | _aJoint Contracts Tribunal. |
| 650 | 0 |
_aConstruction contracts _zGreat Britain. |
|
| 650 | 0 |
_aBuildings _xContracts and specifications _zGreat Britain. |
|
| 651 | _aUnited Kingdom | ||
| 710 | 2 |
_aJoint Contracts Tribunal, _eissuing body. |
|
| 830 | 0 |
_aIntermediate building contract. _f2016. |
|
| 942 | _n0 | ||
| 999 |
_c121436 _d121436 |
||